000 00524nam a22001937a 4500
003 KOHA_MİRAKIL
005 20251105120417.0
008 251105b tu ||||| |||| 00| 0 tur d
020 _a9786258365337
040 _aTR-AnABB
_btur
_cTR-AnABB
041 _atur
082 _a811.42
_bYEN 2022
100 1 _aYenen, Zeynep,
245 1 0 _aKıbrıslı Cemile /
_cZeynep Yenen
260 _aAnkara :
_bBerikan Yayınevi,
_c2022
300 _a72 sayfa ;
_c22 cm
650 0 4 _aTürk edebiyatı, roman
942 _2ddc
_cBK
999 _c9270
_d9270
900 _bGizem YORULMAZ